000 00763nam a22001815i 4500
001 54304
003 ES-MaACL
007 t|
008 940202s1872 sp a ||||1| spa d
040 _aAS
_bspa
100 1 _aFlórez de Pando, Guillermo.
_951316
245 1 0 _aTratado teórico-práctico de taquigrafía, o, Arte de escribir siguiendo la rapidez de la palabra
_b: puesto al alcance de todos para poder estudiarle sin necesidad de maestro /
_cpor Guillermo Flórez de Pando.
260 _aMadrid :
_bCarlos Bailly-Bailliere,
_c1872 (
_fImprenta de Manuel G. Hernández)
300 _a186 p., [1] h. de lám. :
_bil. ;
_c24 cm.
650 1 4 _aTaquigrafía.
_917284
740 0 _aArte de escribir siguiendo la rapidez de la palabra.
852 _aES-MaACL
_jG-15229
999 _c54304
_d54304